Missing Word: 'In' Movie Starters Quiz Stats

 Plays Quiz Updated Jun 7, 2019

Score 0/18 Timer 03:00
0 Plays Today
Hint Word % Correct
In & _____Out
95.3%
Indiana Jones and the _____ of DoomTemple
94.2%
Invasion of the Body _____Snatchers
92.5%
In the _____ of the FatherName
90.7%
Interview with the _____Vampire
90.7%
Inglourious _____Basterds
86.1%
In _____ BloodCold
85.9%
In the Line of _____Fire
85.6%
In the _____ of the NightHeat
84.9%
Hint Word % Correct
Indecent _____Proposal
81.6%
Inherit the _____Wind
61.7%
In the _____ of Blood and HoneyLand
55.6%
Intolerable _____Cruelty
51.4%
In the _____ of ElahValley
32.6%
Inside _____ DavisLlewyn
28.7%
Independence Day: _____Resurgence
24.4%
In the _____ of MenCompany
21.7%
In the _____ of MadnessMouth
15%

Today's Daily Dose

You're not logged in!

Compare scores with friends on all Sporcle quizzes.
OR
Log In

Sporcle TV

Today on Sporcle TV


Watch our educational content, quiz creation guides, and fun videos on Sporcle TV.

Show Comments

Extras

Top Quizzes Today


Score Distribution

Your Account Isn't Verified!

In order to create a playlist on Sporcle, you need to verify the email address you used during registration. Go to your Sporcle Settings to finish the process.

Report this User

Report this user for behavior that violates our Community Guidelines.

Details: